Στοιχεία φυσικών διεργασιών

Αποθηκεύτηκε σε:
Λεπτομέρειες βιβλιογραφικής εγγραφής
Άλλοι συγγραφείς: Ζουμπούλης, Αναστάσιος
Μορφή: Βιβλίο
Γλώσσα:Greek
Δημοσίευση: Θεσσαλονίκη : Τζιόλα, c2013
Θέματα:
Ετικέτες: Προσθήκη ετικέτας
Δεν υπάρχουν, Καταχωρήστε ετικέτα πρώτοι!

MARC

LEADER 00000nam a2200000 i 4500
001 1/47154
008 140513s20092013 gre d
020 |a 978-960-418-201-5 
035 |l 10117606 
040 |a GR-MY-UA  |b gre  |e aacr 
041 0 |a gre 
082 0 |a 660.284  |2 (23) 
245 1 0 |a Στοιχεία φυσικών διεργασιών /  |c Α. Ζουμπούλης... [κ.ά.] 
260 |a Θεσσαλονίκη :   |b Τζιόλα,   |c c2013 
300 |a ix, 468 σ.;  |b πίν., σχ.;  |c 25 εκ. 
504 |a Περιέχει βιβλιογραφία και ευρετήριο 
650 0 0 |a Chemical engineering. 
650 0 0 |a Chemical processes. 
700 1 |a Ζουμπούλης, Αναστάσιος. 
852 |a INST  |b LEMNOS  |c EUDOXUS  |e 20140513  |h 660.284 ΣΤΟ  |p 005600001066  |q 005600001066  |t EDX  |y 0 
901 |a BIBL6-2014-2 
909 |a Μ  |b 161290 
920 |a ΕΥΔΟΞΟΣ  |b ΠΑΡΑΓΓΕΛΙΑ  |y ΛΗΜΝΟΣ-ΤΕΤΔ  |z 2014-05 
922 |a 6ΕΛΗ 
970 |a ΜΟΣΧΟΒΗ  |b ΕΥΑΓΓΕΛΙΑ  |z 2014/05/13